000 01523nam a2200181Ia 4500
008 181130s2018 xx 000 0 und d
100 _aRutherford, Amanda
245 _aTop management turnover:
_bthe role of governing board structures
260 _c2018
300 _ap.104-115.
504 _dJan/Feb
520 _aThe convergence of performance accountability policies, a graying bureaucracy, and shorter executive tenures highlights the timeliness of investigating executive turnover. Prior public administration research has examined pull and push factors linked to these departures, but it has yet to fully explore the influence of governing board structures and political pressures that stem from such structures. Using data on 123 public four?year research universities in the United States from 1993 to 2012, this article finds that governing board structures play a pivotal role in predicting the departure decisions of university presidents. While the size of the board increases the risk of departure, boards overseeing multiple institutions and boards with a faculty or student representative lower the risk of departure. Additional evidence suggests that both the share of gubernatorial and legislative appointees on the board and the party division of the legislature have a direct influence on departure. - Reproduced.
650 _aHigher education - U.S.A.
650 _aPublic administration
700 _aLozano, Jon
773 _aPublic Administration Review
906 _aPublic administration
999 _c506932
_d506932